Novels 1881 - 1886: Washington Square; The Protrait of a Lady; The Bostonians

שמור ב:
מידע ביבליוגרפי
מחבר ראשי: James, Henry
פורמט: ספר
שפה:English
יצא לאור: New York, Estados Unidos The Library of America 1985
נושאים:
תגים: הוספת תג
אין תגיות, היה/י הראשונ/ה לתייג את הרשומה!

MARC

LEADER 00000nam a2200000Ia 4500
008 170316s9999 xx 000 0 eng d
040 |a cru BVZT 
090 |a E-810 J-1n 
100 |a James, Henry 
245 |a Novels 1881 - 1886: Washington Square; The Protrait of a Lady; The Bostonians 
260 |a New York, Estados Unidos 
260 |b The Library of America 
260 |c 1985 
300 |a 1249 páginas 
650 |a LITERATURA ESTADOUNIDENSE - COLECCIÓN ESPECIAL 
650 |a NOVELA 
942 |c SALA 
999 |c 13285  |d 13285